Vývoj vzájomných vzťahov EÚ a Indie v 21. storočí

India ako strategický partner Európskej únie. Hlavné dokumenty, ktoré riešia vzájomnú spoluprácu Európskej únie a Indie v 21. storočí - Spoločný akčný plán a Strategický dokument pre Indiu na roky 2007 – 2013. Spolupráca na základe Spoločného akčného plánu. Charakteristika Strategického dokumentu pr...

Descrizione completa

Salvato in:
Dettagli Bibliografici
Autore principale: Grešš, Martin, 1978-
Natura: Capitolo di libro
Lingua:slovacco
Soggetti:
Tags: Aggiungi Tag
Nessun Tag, puoi essere il primo ad aggiungerne!!

MARC

LEADER 00000nla$a2200000$$$4500
001 0117252
005 20240502072318.0
041 0 |a slo 
044 |a SK 
245 1 0 |a Vývoj vzájomných vzťahov EÚ a Indie v 21. storočí  |c Martin Grešš 
520 |a India ako strategický partner Európskej únie. Hlavné dokumenty, ktoré riešia vzájomnú spoluprácu Európskej únie a Indie v 21. storočí - Spoločný akčný plán a Strategický dokument pre Indiu na roky 2007 – 2013. Spolupráca na základe Spoločného akčného plánu. Charakteristika Strategického dokumentu pre Indiu na roky 2007 - 2013. Prehľad summitov EÚ a Indie. 
610 2 0 |a spolupráca hospodárska medzinárodná 
610 2 0 |a partnerstvo strategické 
610 2 0 |a rozvoj trvalo udržateľný 
610 2 0 |a demokracia 
610 2 0 |a chudoba 
610 2 0 |a dohody medzinárodné 
610 2 0 |a summity 
610 2 0 |a Európska únia 
610 2 0 |a India 
100 1 |a Grešš, Martin, 1978-